| 000 | 00461nam a22001937a 4500 | ||
|---|---|---|---|
| 003 | MPLRDC | ||
| 005 | 20220104161509.0 | ||
| 008 | 210129b ||||| |||| 00| 0 eng d | ||
| 020 | _a986-7085-10-8 | ||
| 082 | _a192.1 LSH-2 | ||
| 100 | _a赖淑惠 | ||
| 245 |
_a自在 _c |
||
| 250 | _a初版 | ||
| 260 |
_a _b雅书堂文化事业有限公司 _c2006 |
||
| 300 | _b平 | ||
| 490 | _a37C. 2 | ||
| 650 | _a个人伦理、修身 | ||
| 942 |
_cBK _o192.1 LSH-2 |
||
| 999 |
_c55507 _d55497 |
||